Forum on International Trade in Professional Services in Asia Pacific Economic Cooperation [APEC] Economies - business meetings and networking session [14 August 2006, Dewan Tun Hussein Onn, PWTC : Kuala Lumpur].

Bibliographic Details
Corporate Author: Malaysia External Trade Development Corporation[MATRADE]
Format: Book
Subjects:
LEADER 01020cam a2200205 7i4500
001 0000019095
005 20070329090000.0
090 0 0 |a PHOT 331.761382   |b MAL [CD] 
110 2 0 |a Malaysia External Trade Development Corporation[MATRADE] 
245 2 0 |a Forum on International Trade in Professional Services in Asia Pacific Economic Cooperation [APEC] Economies - business meetings and networking session [14 August 2006, Dewan Tun Hussein Onn, PWTC : Kuala Lumpur]. 
300 # # |a 17 Photographs:   |b Col.;   |c 1CD-RW. 
500 0 0 |a Photographs 
650 0 0 |a MATRADE --   |x Photograph collection --   |x 2006  
650 0 0 |a Business meeting  
650 0 0 |a Indonesian Professional Engineer Association  
650 0 0 |a The Computing Technology Industry Association --   |z Hong Kong  
650 0 0 |a Korea Trade Investment Promotion Agency  
650 0 0 |a Networking session  
650 0 0 |a Forum on International Trade in Professional Services in Asia Pacific Economic Cooperation  
999 |a PC00000255  |b Photographs  |c Photographs  |e Business Information Centre